000 00384nam a2200157Ia 4500
008 230312s9999||||xx |||||||||||||| ||und||
020 _a8123909047
082 _a612
_bTUT
100 _aCarter ,S.J.
245 0 _aTutorial Pharmacy
260 _bCBS Publisher and Distributer
_aIndia
_c2005
300 _a469
546 _aEng.
650 _aPharmacy
_vTutorial Pharmacy
942 _cBK
999 _c3644
_d3644